L'Andorre pour les touristes... - Facile - Statistiques

Statistiques générales
  • Ce quiz a été pris 11 fois
  • Le résultat moyen est 13 sur 20
Statistiques - réponses
Question Indice Réponses Indice facile % Correct
Quelles sont les principales villes touristiques ? A Andorre-la-Vieille
100%
La conduite se fait à droite ou à gauche ? Droite
100%
Quelles autres langues sont répandues ? E Espagnol
100%
Quelle est la monnaie ? Euro
100%
Dans la capitale y-a-t-il un décalage horaire avec Paris ? (oui/non) Non
100%
La vitesse est limitée hors agglomérations à {90} km/h
90%
Quelles autres langues sont répandues ? F Français
90%
Achats à faire 3/ Bijoux précieux en Or
90%
Le taux d'alcoolémie toléré au volant est de {0.5} g/l
80%
Quelle est la langue officielle ? Catalan
80%
La religion majoritaire est Catholicisme C
80%
Achats à faire 2/ Fromage appelé Tupi PUIT
80%
Le suffixe internet est ad
60%
Quelles sont les principales villes touristiques ? PDLC Pas-de-la-Case ADCAPELASSE
60%
Quelles sont les principales villes touristiques ? E Encamp CAMPEN
40%
Quelles sont les principales villes touristiques ? M Meritxell ELIMERLTX
30%
Achats à faire 1/ Cochonnailles ou Charcuterie UCRECHERAIT
20%
Quels parcs naturels peut-on visiter ? C Comapedrosa MACROPODESA
20%
Quels parcs naturels peut-on visiter ? M Madriu RADIUM
10%
Quels parcs naturels peut-on visiter ? S Sorteny TROYENS
10%
Aucun quiz correspondant
Distribution des résultats
% des personnes avec chaque résultat
Percentile par nombre de réponses
Votre historique - résultats
Vous n’avez pas pris ce quiz